000 01650nam a2200385Ia 4500
001 ebr10206107
003 CaPaEBR
006 m u
007 cr cn|||||||||
008 070719s2008 ne a sb 001 0 eng d
010 _z 2007029784
020 _z9780123708663 (alk. paper)
020 _z9780080554150
020 _z0123708664 (alk. paper)
040 _aCaPaEBR
_cCaPaEBR
035 _a(OCoLC)228148374
050 1 4 _aHD30.2
_b.J664 2008eb
082 0 4 _a025.04
_222
100 1 _aJones, William P.,
_d1952-
245 1 0 _aKeeping found things found
_h[electronic resource] :
_bthe study and practice of personal information management /
_cWilliam Jones.
260 _aAmsterdam ;
_aBoston :
_bMorgan Kaufmann Publishers,
_cc2008.
300 _axvii, 430 p. :
_bill. (chiefly col.).
490 1 _aMorgan Kaufmann series in multimedia information and systems
490 1 _aMorgan Kaufmann series in interactive technologies
504 _aIncludes bibliographical references (p. 403-421) and index.
533 _aElectronic reproduction.
_bPalo Alto, Calif. :
_cebrary,
_d2009.
_nAvailable via World Wide Web.
_nAccess may be limited to ebrary affiliated libraries.
650 0 _aPersonal information management.
650 0 _aInformation retrieval.
650 0 _aPrivacy.
655 7 _aElectronic books.
_2local
710 2 _aebrary, Inc.
830 0 _aMorgan Kaufmann series in multimedia information and systems.
830 0 _aMorgan Kaufmann series in interactive technologies.
856 4 0 _uhttp://site.ebrary.com/lib/rucke/Doc?id=10206107
_zAn electronic book accessible through the World Wide Web; click to view
999 _c122587
_d122587